Приспособления для уборки горячего железа от прокатных станков: с 46 фигурами на таблицах в приложении

Bibliografische gegevens
Hoofdauteur: Бернацкий Г. А.
Taal:Russisch
Gepubliceerd in: Екатеринослав, Типография Губернского Земства, 1911
Onderwerpen:
Formaat: MixedMaterials Boek
KOHA link:https://koha.lib.tpu.ru/cgi-bin/koha/opac-detail.pl?biblionumber=375023

MARC

LEADER 00000nam0a2200000 4500
001 375023
005 20231101051424.0
035 |a (RuTPU)RU\TPU\retro\32458 
035 |a RU\TPU\book\207284 
090 |a 375023 
100 |a 20221220d1911 km y0rusy50 ca 
101 0 |a rus 
102 |a RU 
105 |a a z 000zy 
200 1 |a Приспособления для уборки горячего железа от прокатных станков  |e с 46 фигурами на таблицах в приложении  |f Г. А. Бернацкий 
210 |a Екатеринослав  |c Типография Губернского Земства  |d 1911 
215 |a 135 с.  |c ил. 
318 |5 63413507  |a Отец сибирской стали  |b выставка  |p Железоделательная промышленность 
610 1 |a прокатные устройства 
610 1 |a горячее железо 
610 1 |a уборка 
610 1 |a приспособления 
610 1 |a холодильники 
610 1 |a листопрокатные станы 
675 |a 621.771:669.1  |v 3 
700 1 |a Бернацкий  |b Г. А. 
801 1 |a RU  |b 63413507  |c 20110120 
801 2 |a RU  |b 63413507  |c 20221220  |g RCR 
942 |c BK